[Event "URS-ch FL54"]
[Site "Kuibyshev"]
[Date "1986.??.??"]
[Round "?"]
[White "Ehlvest, Jaan"]
[Black "Khalifman, Alexander"]
[Result "1/2-1/2"]
[WhiteElo "2445"]
[BlackElo "2500"]
[PlyCount "118"]
[EventDate "1986.10.??"]
[EventType "tourn"]
[EventRounds "17"]
[EventCountry "URS"]
[EventCategory "9"]
[SourceTitle "MCL"]
[Source "ChessBase"]
[SourceDate "1999.07.01"]
[SourceVersion "1"]
[SourceVersionDate "1999.07.01"]
[SourceQuality "1"]

1. d4 Nf6 2. c4 e6 3. Nc3 Bb4 4. e3 b6 5. Nge2 Bb7 6. a3 Be7 7. d5 O-O 8. Ng3
d6 9. Be2 c6 10. e4 cxd5 11. cxd5 exd5 12. exd5 Re8 13. O-O Nbd7 14. Bf4 g6 15.
Rc1 a6 16. a4 Bf8 17. Re1 Rc8 18. h3 Rc5 19. b4 Nxd5 20. bxc5 Nxf4 21. c6 Bxc6
22. Bf1 Rxe1 23. Qxe1 Ne5 24. Qd1 Qa8 25. Nce2 Nfd3 26. Rb1 Nc5 27. Nc3 Qd8 28.
Nge2 Bb7 29. Nf4 Bg7 30. Nfd5 Ned7 31. g3 h6 32. Bg2 Kh7 33. h4 Qa8 34. Nxb6
Nxb6 35. Bxb7 Qxb7 36. Qxd6 Ncd7 37. a5 Bxc3 38. axb6 Be5 39. Qe7 Qd5 40. b7
Kg7 41. Rc1 Qd2 42. Rb1 Qd5 43. Rc1 Qd4 44. Qa3 Qb6 45. Qf3 h5 46. Rd1 Nf6 47.
Qe3 Qb2 48. Qc5 Ng4 49. Rd7 Qb1+ 50. Kg2 Qe4+ 51. Kg1 Qb1+ 52. Kg2 Qf5 53. Re7
Qe4+ 54. Kg1 Qe1+ 55. Kg2 Qe4+ 56. Kg1 Qb1+ 57. Kg2 Qb2 58. Rd7 Nf6 59. Re7 Ng4
1/2-1/2

[Event "URS-ch FL54"]
[Site "Kuibyshev"]
[Date "1986.??.??"]
[Round "?"]
[White "Khalifman, Alexander"]
[Black "Ubilava, Elizbar"]
[Result "1-0"]
[WhiteElo "2500"]
[BlackElo "2515"]
[Annotator "Dolmatov,S"]
[PlyCount "79"]
[EventDate "1986.10.??"]
[EventType "tourn"]
[EventRounds "17"]
[EventCountry "URS"]
[EventCategory "9"]
[SourceTitle "MCL"]
[Source "ChessBase"]
[SourceDate "1999.07.01"]
[SourceVersion "1"]
[SourceVersionDate "1999.07.01"]
[SourceQuality "1"]

1. d4 Nf6 2. Nf3 d6 3. c4 c6 4. Nc3 Nbd7 5. e4 e5 6. Be2 Be7 7. O-O O-O 8. Qc2
(8. Be3 Re8 9. d5 Nf8 10. Ne1 N6d7 11. g3 cxd5 12. cxd5 Nc5 13. Ng2 Nfd7 $14)
8... a6 9. Rd1 Qc7 10. Bg5 h6 11. Bh4 b5 12. a3 Re8 13. Rac1 (13. cxb5 $6 cxb5
$10 (13... axb5 $2 14. Nxb5 $16)) 13... Bb7 $14 14. dxe5 dxe5 (14... Nxe5 $6
15. cxb5 cxb5 16. Qb1 $16) 15. b4 Rad8 16. Qb3 Qb8 17. Bg3 (17. a4 a5 18. cxb5
axb4 19. bxc6 Bxc6 $132) 17... Nh5 18. a4 Nxg3 19. hxg3 a5 (19... bxa4 20. Qxa4
$16 {/\ c5} (20. Nxa4 c5 21. bxc5 Bxe4 22. Qxb8 Nxb8 $10)) 20. cxb5 Bxb4 (20...
axb4 21. bxc6 Bxc6 22. Nd5 Bxd5 23. Rxd5 $16) 21. Na2 c5 (21... cxb5 22. Nxb4
axb4 (22... bxa4 23. Qxa4 $18) 23. Bxb5 $16) 22. Bc4 Re7 23. Qe3 $16 Qa8 (23...
Nf6 24. Nxb4 cxb4 25. Qb6 $1 $16) 24. Rd6 $1 Nf8 (24... Bxe4 25. Nxb4 axb4 (
25... cxb4 26. Ra6 Qb7 27. Ra7 Qb8 28. Rxd7 Rexd7 29. Qxe4 $18) 26. Rcd1 $16)
25. Rxd8 Qxd8 26. Nc3 Bxc3 27. Qxc3 Nd7 (27... Bxe4 28. Nxe5 Qc7 29. Ng4 Nd7
30. Ne3 $16) 28. Qe3 Nb6 $2 (28... Qa8 $32 29. Re1 $14) 29. Bb3 c4 30. Bxc4 $1
Nxa4 31. Qb3 Nb6 32. Bxf7+ $1 Kh7 (32... Rxf7 33. Nxe5 Qf6 34. Nxf7 Qxf7 35.
Qxf7+ Kxf7 36. Rc7+ $18) 33. Rd1 $18 Qc8 34. Bd5 Bxd5 35. exd5 Qc4 36. Qb1+ g6
(36... e4 37. d6 Rd7 38. Ne5 $18) 37. d6 Rg7 38. Nxe5 Qe6 39. Qb2 a4 40. Qd4
1-0

[Event "URS"]
[Site "Soviet Union"]
[Date "1987.??.??"]
[Round "?"]
[White "Dvoretzky, Mark"]
[Black "Khalifman, Alexander"]
[Result "1-0"]
[WhiteElo "2475"]
[BlackElo "2520"]
[PlyCount "101"]
[EventDate "1987.??.??"]
[EventType "game"]
[EventRounds "9"]
[EventCountry "URS"]
[SourceTitle "EXT 2010"]
[Source "ChessBase"]
[SourceDate "2010.11.25"]
[SourceVersion "1"]
[SourceVersionDate "2010.11.25"]
[SourceQuality "1"]

1. e4 c5 2. Nf3 e6 3. d3 d5 4. Nbd2 Nc6 5. g3 g6 6. Bg2 Bg7 7. O-O Nge7 8. Re1
O-O 9. e5 Qc7 10. Qe2 b6 11. h4 Ba6 12. Nf1 Nd4 13. Nxd4 cxd4 14. Bf4 Nc6 15.
a3 Qd7 16. Nh2 Rae8 17. Ng4 f6 18. exf6 Bxf6 19. Nxf6+ Rxf6 20. Bh3 Rxf4 21.
gxf4 Bc8 22. Qf3 Qf7 23. Qg3 Kh8 24. Re2 Rf8 25. Rae1 Nd8 26. f5 gxf5 27. Qe5+
Qg7+ 28. Qxg7+ Kxg7 29. f4 Kf6 30. Rg2 Bd7 31. Kf2 Nf7 32. Ke2 Nh8 33. Rf1 Ng6
34. h5 Ne7 35. h6 Ng6 36. Kd2 Rc8 37. Rg3 Be8 38. Rf2 Bf7 39. Bf1 Rc7 40. Be2
Rc8 41. Rg1 Ke7 42. Bh5 Kd6 43. c3 dxc3+ 44. bxc3 Ke7 45. Bxg6 Bxg6 46. a4 Kd6
47. Rb1 Kc5 48. Rb5+ Kc6 49. Ke3 Kd6 50. Kd4 Rg8 51. Rg2 1-0

[Event "URS-ch54"]
[Site "Minsk"]
[Date "1987.??.??"]
[Round "?"]
[White "Gurevich, Mikhail"]
[Black "Khalifman, Alexander"]
[Result "1-0"]
[WhiteElo "2540"]
[BlackElo "2515"]
[PlyCount "91"]
[EventDate "1987.03.04"]
[EventType "tourn"]
[EventRounds "17"]
[EventCountry "URS"]
[EventCategory "12"]
[SourceTitle "URS-ch"]
[Source "ChessBase"]
[SourceDate "1999.07.01"]
[SourceVersion "1"]
[SourceVersionDate "1999.07.01"]
[SourceQuality "1"]

1. c4 Nf6 2. Nc3 e6 3. d4 Bb4 4. e3 b6 5. Nge2 Bb7 6. a3 Be7 7. d5 O-O 8. Ng3
d6 9. Be2 c6 10. e4 exd5 11. exd5 cxd5 12. cxd5 Re8 13. O-O Nbd7 14. Nf5 Bf8
15. Bf4 Ne4 16. Bb5 a6 17. Qg4 Kh8 18. Nxe4 Rxe4 19. Bxd7 Qxd7 20. f3 Re5 21.
Bxe5 dxe5 22. Kh1 Bxd5 23. Rad1 Qb5 24. a4 Qc6 25. Rc1 Qb7 26. Ne3 Be6 27. Qe4
Qxe4 28. fxe4 Rb8 29. Nd5 a5 30. Nc7 Bb3 31. Rc3 Bxa4 32. b3 Bb4 33. Na6 Re8
34. Nxb4 axb4 35. Re3 Bc6 36. Rxf7 Kg8 37. Rc7 Rd8 38. h3 Bb5 39. Re7 Re8 40.
Rxe8+ Bxe8 41. Rd3 Kf8 42. Rd6 Bf7 43. Rxb6 Bxb3 44. Rxb4 Bf7 45. Rb5 Bg6 46.
Rb4 1-0

[Event "URS-ch Army"]
[Site "Tashkent"]
[Date "1987.??.??"]
[Round "?"]
[White "Kalinitschew, Sergey"]
[Black "Khalifman, Alexander"]
[Result "1/2-1/2"]
[WhiteElo "2415"]
[BlackElo "2560"]
[PlyCount "41"]
[EventDate "1987.04.02"]
[EventType "tourn"]
[EventRounds "17"]
[EventCountry "URS"]
[EventCategory "9"]
[SourceTitle "EXT 2000"]
[Source "ChessBase"]
[SourceDate "1999.11.16"]
[SourceVersion "1"]
[SourceVersionDate "1999.11.16"]
[SourceQuality "1"]

1. d4 Nf6 2. Nf3 d5 3. c4 c6 4. e3 Bf5 5. Bd3 e6 6. Bxf5 exf5 7. cxd5 Nxd5 8.
Nc3 Be7 9. Qb3 Nb6 10. O-O O-O 11. Rd1 Na6 12. Bd2 Nb4 13. a3 N4d5 14. Nxd5
Qxd5 15. Qxd5 Nxd5 16. Rac1 a5 17. Ne5 Rfe8 18. h3 Bd6 19. Nd3 h5 20. Kh1 Re7
21. Re1 1/2-1/2

[Event "URS-ch Army"]
[Site "Tashkent"]
[Date "1987.??.??"]
[Round "?"]
[White "Kharitonov, Andrei Y"]
[Black "Khalifman, Alexander"]
[Result "1/2-1/2"]
[WhiteElo "2500"]
[BlackElo "2515"]
[PlyCount "100"]
[EventDate "1987.04.02"]
[EventType "tourn"]
[EventRounds "17"]
[EventCountry "URS"]
[EventCategory "9"]
[SourceTitle "EXT 2000"]
[Source "ChessBase"]
[SourceDate "1999.11.16"]
[SourceVersion "1"]
[SourceVersionDate "1999.11.16"]
[SourceQuality "1"]

1. Nf3 c5 2. c4 Nf6 3. Nc3 e6 4. g3 b6 5. Bg2 Bb7 6. O-O Be7 7. Re1 d5 8. cxd5
Nxd5 9. e4 Nb4 10. d4 cxd4 11. Nxd4 N8c6 12. Nxc6 Nxc6 13. Be3 O-O 14. Qa4 Bb4
15. Rac1 Qe7 16. a3 Bc5 17. e5 Bxe3 18. Rxe3 Rac8 19. Nb5 Na5 20. Ree1 Bxg2 21.
Kxg2 Qb7+ 22. Kg1 Rxc1 23. Rxc1 Qd5 24. Nxa7 Qxe5 25. b4 Qe4 26. Qc2 Qxc2 27.
Rxc2 Nb3 28. Nb5 e5 29. Rc6 Rb8 30. Kg2 Kf8 31. Rc7 Nd4 32. Nxd4 exd4 33. Rd7
Ra8 34. Rxd4 Rxa3 35. Rd6 Rb3 36. Rxb6 h5 37. h4 g6 38. Rb8+ Kg7 39. Kf1 Rb2
40. b5 Kf6 41. b6 g5 42. hxg5+ Kxg5 43. Kg2 Rb3 44. Kh3 Rb2 45. f3 Kg6 46. g4
hxg4+ 47. Kxg4 Rb4+ 48. Kg3 Kf5 49. Rb7 f6 50. Rb8 Rb2 1/2-1/2

[Event "URS-chT Army"]
[Site "Sverdlovsk"]
[Date "1987.??.??"]
[Round "?"]
[White "Khalifman, Alexander"]
[Black "Timoscenko, Gennadij A"]
[Result "1/2-1/2"]
[WhiteElo "2515"]
[BlackElo "2495"]
[PlyCount "50"]
[EventDate "1987.09.04"]
[EventType "team"]
[EventRounds "14"]
[EventCountry "URS"]
[SourceTitle "EXT 2002"]
[Source "ChessBase"]
[SourceDate "2001.11.25"]
[SourceVersion "1"]
[SourceVersionDate "2001.11.25"]
[SourceQuality "1"]

1. e4 e5 2. Nf3 Nc6 3. Bb5 a6 4. Ba4 Nf6 5. O-O Be7 6. Re1 b5 7. Bb3 O-O 8. d4
d6 9. c3 Bg4 10. d5 Na5 11. Bc2 Qc8 12. h3 Bd7 13. Nbd2 c6 14. dxc6 Qxc6 15.
Nf1 Nc4 16. a4 Nb6 17. a5 Na4 18. Ne3 Rfe8 19. Nf5 Bxf5 20. exf5 Nc5 21. Bg5
Nd5 22. Bd2 Rac8 23. Rc1 Nd7 24. Bb3 Nc5 25. Bc2 Nd7 1/2-1/2

[Event "URS-ch FL55"]
[Site "Sverdlovsk"]
[Date "1987.??.??"]
[Round "?"]
[White "Gelfand, Boris"]
[Black "Khalifman, Alexander"]
[Result "1/2-1/2"]
[WhiteElo "2510"]
[BlackElo "2515"]
[PlyCount "32"]
[EventDate "1987.11.??"]
[EventType "tourn"]
[EventRounds "17"]
[EventCountry "URS"]
[EventCategory "10"]
[SourceTitle "TD"]
[Source "ChessBase"]
[SourceDate "1994.03.01"]
[SourceVersion "1"]
[SourceVersionDate "1994.03.01"]
[SourceQuality "1"]

1. d4 d5 2. c4 c6 3. Nc3 Nf6 4. e3 g6 5. Nf3 Bg7 6. Bd3 Bg4 7. h3 Bxf3 8. Qxf3
O-O 9. O-O Qd6 10. Rd1 Nbd7 11. Bd2 dxc4 12. Bxc4 e5 13. Be1 exd4 14. Rxd4 Qe7
15. Qe2 b5 16. Bb3 c5 1/2-1/2

[Event "Agzamov Memorial"]
[Site "Tashkent"]
[Date "1987.??.??"]
[Round "?"]
[White "Zagrebelny, Sergey"]
[Black "Khalifman, Alexander"]
[Result "1/2-1/2"]
[WhiteElo "2270"]
[BlackElo "2520"]
[PlyCount "61"]
[EventDate "1987.12.??"]
[EventType "tourn"]
[EventRounds "17"]
[EventCountry "URS"]
[EventCategory "8"]
[SourceTitle "EXT 1997"]
[Source "ChessBase"]
[SourceDate "1996.11.15"]
[SourceVersion "1"]
[SourceVersionDate "1996.11.15"]
[SourceQuality "1"]

1. e4 c5 2. Nf3 d6 3. Bb5+ Nd7 4. O-O Ngf6 5. Re1 a6 6. Bf1 e5 7. c3 Be7 8. d4
O-O 9. dxe5 dxe5 10. a4 b6 11. Nbd2 Bb7 12. Bc4 Ne8 13. Nf1 Nd6 14. Bd5 Bxd5
15. Qxd5 Re8 16. Bg5 Bxg5 17. Qxd6 Be7 18. Qd3 Nf6 19. Qc4 Bf8 20. Rad1 Qb8 21.
Qb3 b5 22. c4 Ra7 23. axb5 axb5 24. N1d2 Ra4 25. Qxb5 Qxb5 26. cxb5 Rb4 27. b6
Nd7 28. b7 Rxb7 29. Nc4 f6 30. Rd3 Nb8 31. Nfd2 1/2-1/2

[Event "Leningrad-ch sf"]
[Site "Leningrad"]
[Date "1988.??.??"]
[Round "?"]
[White "Khalifman, Alexander"]
[Black "Epishin, Vladimir"]
[Result "1/2-1/2"]
[WhiteElo "2505"]
[BlackElo "2475"]
[PlyCount "64"]
[EventDate "1988.??.??"]
[EventType "tourn"]
[EventRounds "13"]
[EventCountry "URS"]
[SourceTitle "EXT 2002"]
[Source "ChessBase"]
[SourceDate "2001.11.25"]
[SourceVersion "1"]
[SourceVersionDate "2001.11.25"]
[SourceQuality "1"]

1. d4 Nf6 2. Nf3 g6 3. c4 Bg7 4. Nc3 d5 5. cxd5 Nxd5 6. e4 Nxc3 7. bxc3 c5 8.
Rb1 O-O 9. Be2 b6 10. O-O cxd4 11. cxd4 Bb7 12. Qd3 Ba6 13. Qe3 Qd7 14. Bxa6
Nxa6 15. Qa3 Nc7 16. Rd1 Rfc8 17. Bb2 Nb5 18. Qd3 Nd6 19. d5 Bxb2 20. Rxb2 Qa4
21. e5 Qc4 22. Qb1 Nf5 23. d6 Rc5 24. Rbd2 exd6 25. exd6 Rd8 26. d7 Rc7 27. h3
h5 28. Ne5 Qc3 29. Qe4 Kg7 30. Rd3 Qc5 31. Rf3 Qe7 32. g4 f6 1/2-1/2

[Event "Leningrad-ch sf"]
[Site "Leningrad"]
[Date "1988.??.??"]
[Round "?"]
[White "Khalifman, Alexander"]
[Black "Ionov, Sergey"]
[Result "0-1"]
[WhiteElo "2505"]
[BlackElo "2360"]
[PlyCount "92"]
[EventDate "1988.??.??"]
[EventType "tourn"]
[EventRounds "13"]
[EventCountry "URS"]
[SourceTitle "EXT 2002"]
[Source "ChessBase"]
[SourceDate "2001.11.25"]
[SourceVersion "1"]
[SourceVersionDate "2001.11.25"]
[SourceQuality "1"]

1. e4 c5 2. Nf3 Nc6 3. d4 cxd4 4. Nxd4 Nf6 5. Nc3 d6 6. Bg5 e6 7. Qd2 a6 8.
O-O-O h6 9. Be3 Be7 10. f4 Nxd4 11. Bxd4 b5 12. Be2 b4 13. Na4 Nxe4 14. Qe3 Nf6
15. Bf3 Rb8 16. Ba7 Bd7 17. Nb6 Bb5 18. g4 O-O 19. Bxb8 Qxb8 20. g5 hxg5 21.
fxg5 Bd8 22. gxf6 Qxb6 23. Qxb6 Bxb6 24. fxg7 Rd8 25. Rdg1 Bxg1 26. Rxg1 Rd7
27. Kd2 f5 28. Rg6 Re7 29. c3 a5 30. Ke3 bxc3 31. bxc3 Bc4 32. Kd4 Rc7 33. a3
e5+ 34. Ke3 d5 35. Rg5 f4+ 36. Kf2 e4 37. Bg4 Rxg7 38. h4 Rxg5 39. hxg5 Kg7 40.
Bh5 Bb5 41. Kg2 Bd7 42. Kf1 Ba4 43. Ke1 Bb5 44. Kf2 Bc6 45. Ke1 Bd7 46. Kf1 Be6
0-1

[Event "Leningrad-ch sf"]
[Site "Leningrad"]
[Date "1988.??.??"]
[Round "?"]
[White "Tseitlin, Mark D"]
[Black "Khalifman, Alexander"]
[Result "0-1"]
[WhiteElo "2430"]
[BlackElo "2505"]
[PlyCount "65"]
[EventDate "1988.??.??"]
[EventType "tourn"]
[EventRounds "13"]
[EventCountry "URS"]
[SourceTitle "EXT 2002"]
[Source "ChessBase"]
[SourceDate "2001.11.25"]
[SourceVersion "1"]
[SourceVersionDate "2001.11.25"]
[SourceQuality "1"]

1. e4 c5 2. Nf3 d6 3. d4 cxd4 4. Qxd4 Bd7 5. Bg5 Nc6 6. Qd2 h6 7. Bh4 g5 8. Bg3
Bg7 9. Nc3 Nf6 10. h3 Be6 11. Bd3 d5 12. e5 Nd7 13. Bb5 O-O 14. Bxc6 bxc6 15.
O-O c5 16. Rfe1 Nb6 17. b3 Bf5 18. Rad1 e6 19. h4 g4 20. Nh2 Nc8 21. Qf4 f6 22.
exf6 Qxf6 23. Nb5 Qg6 24. Nc7 Bxc2 25. Qd2 Bxd1 26. Qxd1 Nb6 27. Rxe6 Qf5 28.
Nxg4 Rad8 29. Nxh6+ Bxh6 30. Rxh6 Rf6 31. Rh5 Qe4 32. Rg5+ Rg6 33. Qh5 0-1

[Event "URS-ch sf"]
[Site "Riga"]
[Date "1988.??.??"]
[Round "?"]
[White "Graf, Alexander"]
[Black "Khalifman, Alexander"]
[Result "1/2-1/2"]
[WhiteElo "2445"]
[BlackElo "2530"]
[PlyCount "28"]
[EventDate "1988.??.??"]
[EventType "tourn"]
[EventRounds "16"]
[EventCountry "URS"]
[SourceTitle "EXT 1999"]
[Source "ChessBase"]
[SourceDate "1998.11.16"]
[SourceVersion "1"]
[SourceVersionDate "1998.11.16"]
[SourceQuality "1"]

1. d4 Nf6 2. c4 e6 3. Nc3 Bb4 4. e3 O-O 5. Nge2 Re8 6. a3 Bf8 7. Ng3 d5 8. cxd5
exd5 9. b4 Nc6 10. b5 Ne7 11. Bd3 a6 12. bxa6 b6 13. a4 Bxa6 14. Ba3 Bxd3
1/2-1/2

[Event "URS-ch55"]
[Site "Moscow"]
[Date "1988.07.??"]
[Round "7"]
[White "Malaniuk, Vladimir P"]
[Black "Khalifman, Alexander"]
[Result "1/2-1/2"]
[WhiteElo "2520"]
[BlackElo "2530"]
[PlyCount "61"]
[EventDate "1988.07.??"]
[EventType "tourn"]
[EventRounds "17"]
[EventCountry "URS"]
[EventCategory "14"]
[SourceTitle "URS-ch"]
[Source "ChessBase"]
[SourceDate "1999.07.01"]
[SourceVersion "1"]
[SourceVersionDate "1999.07.01"]
[SourceQuality "1"]

1. d4 Nf6 2. c4 c6 3. Nc3 d5 4. Nf3 dxc4 5. a4 Bf5 6. Ne5 e6 7. f3 Bb4 8. e4
Bxe4 9. fxe4 Nxe4 10. Bd2 Qxd4 11. Nxe4 Qxe4+ 12. Qe2 Bxd2+ 13. Kxd2 Qd5+ 14.
Kc2 Na6 15. Nxc4 O-O-O 16. Qe5 Rhe8 17. Be2 f6 18. Qe3 Qf5+ 19. Kb3 Nc5+ 20.
Ka2 Nxa4 21. Rhd1 Kb8 22. Nd6 Qa5 23. Kb3 c5 24. Rxa4 Qb6+ 25. Ka2 Rxd6 26. Qg3
Red8 27. Rxd6 Rxd6 28. Qxg7 Rd2 29. Qf8+ Kc7 30. Qe7+ Kb8 31. Qf8+ 1/2-1/2

[Event "URS-ch FL56"]
[Site "Simferopol"]
[Date "1988.??.??"]
[Round "?"]
[White "Dvoirys, Semen I"]
[Black "Khalifman, Alexander"]
[Result "1-0"]
[WhiteElo "2440"]
[BlackElo "2530"]
[Annotator "ChessBase"]
[PlyCount "77"]
[EventDate "1988.11.??"]
[EventType "tourn"]
[EventRounds "17"]
[EventCountry "URS"]
[EventCategory "10"]
[SourceTitle "CBM 011"]
[Source "ChessBase"]
[SourceDate "1989.08.01"]
[SourceVersion "1"]
[SourceVersionDate "1989.08.01"]
[SourceQuality "1"]

1. e4 c5 2. Nf3 d6 3. d4 cxd4 4. Nxd4 Nf6 5. Nc3 Nc6 6. Bg5 e6 7. Qd2 a6 8.
O-O-O h6 9. Be3 Nxd4 (9... Be7 10. f4 Bd7 11. Be2 (11. Bd3 b5 12. Kb1 b4 13.
Nce2 O-O 14. h3 Qc7 15. g4 Qb7 16. Ng3 Nxd4 17. Bxd4 Bc6 18. Rhe1 Rfe8 19. g5
hxg5 20. fxg5 Nd7 21. Bxg7 $1 $18 {Short,N-Ljubojevic,L/Amsterdam
Euwe-Memorial/1-0/32/ -> CBM 6,S.26}) 11... b5 12. Bf3 $1 (12. a3 $2 Rc8 13.
Nb3 b4 14. axb4 Nxb4 15. Bf3 e5 {Dvoirys,S-Lerner,K/URS-FL56 Simferol/1988/0-1/
24/ ->} 16. fxe5 dxe5 17. Qf2 Qc7 18. Rd2 O-O 19. Bb6 Qc4) 12... Rc8 13. Nb3 $5
{N} (13. Kb1 Na5 14. g4 b4 $1 (14... Nc4 $6 15. Qf2 b4 16. Nce2 Qc7 17. g5 hxg5
18. fxg5 Nh7 19. h4 e5 20. Nf5 g6 21. Nxe7 Kxe7 22. Bc1 $16 {Short,N-Benjamin,
Joe/hastings/1987/1-0/38/ -> CBM 6,S.25}) 15. Nce2 Nc4 16. Qd3 e5 17. Nf5 Bxf5
18. gxf5 Nxe3 19. Qxe3 Qc7 $10 {Gallagher,J-Benjamin,Joe/Saint John op-2/1988/
remis/27/ -> CBM 6,S.25}) 13... Qc7 14. Kb1 Rb8 15. Qf2 a5 16. e5 $1 dxe5 17.
fxe5 Nxe5 (17... Qxe5 18. Bxc6 Bxc6 19. Bf4 Qf5 20. Nd4) 18. Bf4 g5 {18...Bd6
19.Rxd6!} 19. Bg3 a4 20. Qd4 Nxf3 21. gxf3 Qb6 22. Bxb8 $16 {Dvoirys,
S-Yermolinsky,A/URS-FL56 Simferopol/1-0/33/ ->}) 10. Bxd4 b5 11. f4 Be7 12. Bd3
b4 13. Na4 Rb8 14. e5 $5 {N; Dvoirys  (sonst 14.Qf2)} dxe5 15. Bxe5 Bd7 $1 16.
f5 $1 (16. Bxb8 Qxb8 17. b3 Bxa4 18. bxa4 O-O $146) 16... Bxa4 (16... exf5 17.
Qf4 Nd5 18. Qd4) 17. fxe6 O-O (17... fxe6 18. Bg6+ Kf8 19. Qf4) 18. exf7+ Rxf7
(18... Kh8 19. Bxb8 Qxb8 20. Bg6) 19. Bxb8 Qxb8 20. Bc4 Qc7 21. Bxf7+ Kxf7 22.
Rhe1 Bf8 23. g3 a5 $6 24. Qe2 Bd7 $6 {>= 24...Kg8} 25. Qe5 $1 Qa7 (25... Qxe5
26. Rxe5 a4 27. Rd4) 26. Rd4 a4 27. Rc4 $1 Kg8 28. Rc7 Qf2 29. Qe2 Qb6 30. Qc4+
Kh8 (30... Kh7 $2 31. Rxd7 $1 Nxd7 32. Qd3+) 31. Qf7 $1 Qd6 32. Ra7 Bc6 33. Rd1
Qc5 34. Rc7 {/\ Rxc6} Nh7 35. Rc8 $1 a3 36. Kb1 b3 37. axb3 a2+ 38. Kxa2 Qxc2
39. Rd7 $1 {/\ 40.Qg7 #} 1-0

[Event "Sochi-A"]
[Site "Sochi"]
[Date "1989.??.??"]
[Round "?"]
[White "Goldin, Alexander"]
[Black "Khalifman, Alexander"]
[Result "1/2-1/2"]
[WhiteElo "2525"]
[BlackElo "2545"]
[Annotator "Ribli,Z"]
[PlyCount "25"]
[EventDate "1989.01.??"]
[EventType "tourn"]
[EventRounds "15"]
[EventCountry "URS"]
[EventCategory "10"]
[SourceTitle "CBM 016"]
[Source "ChessBase"]
[SourceDate "1990.06.01"]
[SourceVersion "1"]
[SourceVersionDate "1990.06.01"]
[SourceQuality "1"]

1. d4 d6 2. Nf3 Bg4 3. e4 Nf6 4. Nc3 e6 5. Be2 {5.h3!} Be7 6. O-O O-O 7. Be3 d5
(7... Nbd7 8. Nd2 Bxe2 9. Qxe2 c6 10. a4 Re8 11. a5 Bf8 12. h3 h6 13. Rfd1 e5
14. Qc4 {Gutman,L-Schoen,W  Porz 1988 CBM/10  +/=}) (7... c5 8. d5 exd5 9. exd5
Na6 10. h3 {Farago-Davies  Budapest 1987 45/(55)}) 8. exd5 Nxd5 9. Nxd5 exd5
10. Ne5 Bxe2 11. Qxe2 Nd7 12. Nxd7 Qxd7 13. Bf4 1/2-1/2

[Event "Sochi-A"]
[Site "Sochi"]
[Date "1989.??.??"]
[Round "?"]
[White "Khalifman, Alexander"]
[Black "Ulybin, Mikhail"]
[Result "1-0"]
[WhiteElo "2545"]
[BlackElo "2495"]
[Annotator "Knaak,R"]
[PlyCount "47"]
[EventDate "1989.01.??"]
[EventType "tourn"]
[EventRounds "15"]
[EventCountry "URS"]
[EventCategory "10"]
[SourceTitle "CBM 016"]
[Source "ChessBase"]
[SourceDate "1990.06.01"]
[SourceVersion "1"]
[SourceVersionDate "1990.06.01"]
[SourceQuality "1"]

1. e4 e6 2. d4 d5 3. Nc3 Nf6 4. Bg5 Be7 5. e5 Nfd7 6. h4 O-O $6 {Der
Aljechin-Chatard-Angriff ist eine gefährliche Waffe in der Hand eines An-
giffsspielers. In diese Attacke hineinzurochieren halte ich für zweifelhaft.}
7. Bd3 f5 (7... f6 $2 8. Qh5 g6 (8... f5 9. g4 g6 10. Qh6 $18) 9. Bxg6 hxg6 10.
Qxg6+ Kh8 11. Qh5+ Kg8 12. Bh6 $18) 8. Nh3 $1 $16 {N; Da 8.g4 c5 9.gxf5 cxd4
zu unklarem Spiel führt, stellt der Textzug eine Verbesserung dar. Auf f4
erhält der Springer ein Traumfeld.} Na6 $5 (8... c5 9. Nf4 Nb6 10. dxc5) (8...
Nb6 9. g4 $1) 9. Bxa6 bxa6 10. Na4 Qe8 11. O-O c5 12. Nf4 Qf7 13. c4 $1 {
Hält sich nicht mit leichten Positionsvorteilen auf.} dxc4 14. d5 Nxe5 15. d6
Bxg5 16. hxg5 Nd7 (16... Nd3 17. Nxd3 cxd3 18. Nxc5 e5 19. Qxd3 $16) 17. Nxe6
$1 $18 Qxe6 18. Re1 Qxe1+ (18... Qf7 19. Re7 Qg6 20. Qd5+) 19. Qxe1 Bb7 20.
Qe6+ Rf7 21. Re1 Be4 22. f3 Bd3 23. Qd5 Raf8 24. Re7 1-0

[Event "Leningrad"]
[Site "Leningrad"]
[Date "1989.??.??"]
[Round "?"]
[White "Khalifman, Alexander"]
[Black "Aseev, Konstantin N"]
[Result "0-1"]
[WhiteElo "2545"]
[BlackElo "2485"]
[Annotator "ChessBase"]
[PlyCount "110"]
[EventDate "1989.06.??"]
[EventType "tourn"]
[EventRounds "13"]
[EventCountry "URS"]
[EventCategory "9"]
[SourceTitle "CBM 014"]
[Source "ChessBase"]
[SourceDate "1990.02.01"]
[SourceVersion "1"]
[SourceVersionDate "1990.02.01"]
[SourceQuality "1"]

1. Nf3 Nf6 2. c4 e6 3. g3 d5 4. d4 Be7 5. Bg2 O-O 6. O-O dxc4 7. Qc2 a6 8. Qxc4
b5 9. Qc2 Bb7 10. Bg5 Nbd7 11. Nbd2 c5 $5 12. dxc5 Nxc5 13. Bxf6 gxf6 14. Nb3
Rc8 15. Rad1 Qb6 16. Nxc5 Bxc5 17. Qb1 Rfd8 18. Ne1 $6 {>= 18.Nd2 ><e4} Rxd1
19. Qxd1 Bxg2 20. Kxg2 Qc6+ 21. Nf3 Bf8 22. Qd2 $2 {>= 22.Qd4} Qe4 23. Qd3 Qxd3
24. exd3 Rc2 $17 25. Rb1 Bc5 26. d4 Bb6 27. Ne1 Rc4 $1 (27... Rd2 28. Nf3 Rd3
29. Rc1 Bxd4 30. Rc8+ Kg7 31. Rd8 e5 32. Rd6 $13) 28. d5 $1 exd5 29. Rd1 d4 30.
Kf3 Kf8 31. Ke4 Ke7 32. Kd3 a5 33. Nc2 Kd7 34. Re1 Rc5 35. Re4 Rf5 36. Rf4 Rxf4
37. gxf4 Bc7 38. Nxd4 Bxf4 39. Nxb5 $2 (39. h3 b4 40. Ke4 $15) 39... Bxh2 $19
40. a3 Be5 41. b3 (41. b4 Kc6 42. Nd4+ Bxd4 43. Kxd4 axb4 44. axb4 Kb5 45. Ke4
Kxb4 46. Kf5 h5 $19) 41... h5 42. a4 h4 43. Ke2 h3 44. Kf1 Kc6 45. Na3 Kd5 46.
Nc2 Bd6 47. Kg1 Bc5 48. Kh2 Ke4 $1 49. Ne3 Bxe3 50. fxe3 Kxe3 51. b4 axb4 52.
a5 b3 53. a6 b2 54. a7 b1=Q 55. a8=Q Qc2+ $1 (55... Qc2+ 56. Kxh3 Qf5+ 57. Kg3
Qf4+ 58. Kg2 Qe4+ $19) 0-1